Normal view
MARC view
Entry Personal Name
001 - CONTROL NUMBER
- control field: 183398
003 - CONTROL NUMBER IDENTIFIER
- control field: OSt
005 - DATE AND TIME OF LATEST TRANSACTION
- control field: 20241028094235.0
008 - FIXED-LENGTH DATA ELEMENTS
- fixed length control field: 241028|| aca||aabn | a|a d
040 ## - CATALOGING SOURCE
- Original cataloging agency: OSt
- Transcribing agency: OSt
100 ## - HEADING--PERSONAL NAME
- Personal name: DODDAMANE (A Wahab)
670 ## - SOURCE DATA FOUND
- Source citation: Work cat.: (OSt)97882: DODDAMANE (A Wahab), Muslims in dakshina kannada. (a historical study upto 1947 & survey of recent developments), 1993